| 000 | 00753nam a22002657a 4500 | ||
|---|---|---|---|
| 008 | 130619b xxu||||| |||| 00| 0 eng d | ||
| 020 | _a984-07-4808-1 | ||
| 024 | _cAvailable | ||
| 037 | _cAvailable | ||
| 040 |
_aMBSTU LIBRARY _dMBSTU LIBRARY |
||
| 082 |
_222 _a491.44321 BEN |
||
| 110 | _aKolkata | ||
| 245 | _aBengali-English dictionary. | ||
| 260 |
_aDhaka _bBangla Academy. _c1994 |
||
| 300 |
_a22 cm. _b878 page _f10 _g22 cm. |
||
| 600 | _2Bengali-English dictionary. | ||
| 610 | _aRole of function. | ||
| 650 | _2Bengali-English dictionary. | ||
| 700 | _aRumy, Syed Nasor Ahmad. | ||
| 710 | _aKolkata | ||
| 270 |
_aDhaka _bDhaka _dBangladesh |
||
| 365 |
_b230.00 _d230.00 |
||
| 942 |
_2ddc _cBK |
||
| 999 |
_c510 _d510 |
||